Decline in activity slows in March as new orders show signs of stabilisation (Record no. 114171)

MARC details
000 -LEADER
fixed length control field 00800cad a22002055a 4500
001 - CONTROL NUMBER
control field L156305
008 - FIXED-LENGTH DATA ELEMENTS--GENERAL INFORMATION
fixed length control field 120511e20120213xxk f 000 0 eng d
035 ## - SYSTEM CONTROL NUMBER
System control number (Sirsi) u156305
041 0# - LANGUAGE CODE
Language code of text/sound track or separate title eng
110 2# - MAIN ENTRY--CORPORATE NAME
Corporate name or jurisdiction name as entry element Markit
9 (RLIN) 5915
245 00 - TITLE STATEMENT
Title Decline in activity slows in March as new orders show signs of stabilisation
Medium [electronic resource]
260 ## - PUBLICATION, DISTRIBUTION, ETC.
Date of publication, distribution, etc. 2012
490 ## - SERIES STATEMENT
Series statement Ulster Bank Construction PMI Report News Release
Volume/sequential designation 11 April 2012
520 ## - SUMMARY, ETC.
Summary, etc. The Irish construction sector remained in contraction at the end of the first quarter of 2012.
590 ## - LOCAL NOTE (RLIN)
Local note KA
651 #4 - SUBJECT ADDED ENTRY--GEOGRAPHIC NAME
Geographic name Ireland
690 ## - LOCAL SUBJECT ADDED ENTRY--TOPICAL TERM (OCLC, RLIN)
Topical term or geographic name as entry element Construction management
9 (RLIN) 6230
856 40 - ELECTRONIC LOCATION AND ACCESS
Uniform Resource Identifier <a href="https://www.markiteconomics.com/MarkitFiles/Pages/ViewPressRelease.aspx?ID=9429">https://www.markiteconomics.com/MarkitFiles/Pages/ViewPressRelease.aspx?ID=9429</a>
Public note View this item free of charge at www.markiteconomics.com
942 ## - ADDED ENTRY ELEMENTS (KOHA)
Suppress in OPAC 0
Holdings
Withdrawn status Lost status Source of classification or shelving scheme Damaged status Not for loan Home library Current library Shelving location Date acquired Total Checkouts Full call number Barcode Date last seen Copy number Price effective from Koha item type
    Dewey Decimal Classification     Virtual Virtual Online 11/05/2012   ONLINE PUBLICATION 156305-2001 06/08/2019 1 06/08/2019 Book